[Event "AUTO-INT-1401"]
[Site "http://www.queenalice.com/game.php?id=699952"]
[Date "2009.12.18"]
[Round "2"]
[White "Wecker"]
[Black "showman"]
[Result "0-1"]
[WhiteElo "1615"]
[BlackElo "1642"]

1. e4 e5 2. Bc4 Nf6 3. Nf3 d5 4. exd5 Nxd5 5. Nxe5 Be6 6. b3 f6 7. Qh5+ g6 8.
Nxg6 Rg8 9. Ne5+ Ke7 10. Ba3+ c5 0-1

[Event "AUTO-INT-1401"]
[Site "http://www.queenalice.com/game.php?id=729712"]
[Date "2010.2.11"]
[Round "3"]
[White "giobetti"]
[Black "showman"]
[Result "0-1"]
[WhiteElo "1809"]
[BlackElo "1636"]

1. e4 e5 2. Bc4 Nc6 3. Nf3 h6 4. Nc3 Nf6 5. d3 Bb4 6. Bd2 d6 7. a3 Bxc3 8. Bxc3
Bg4 9. h3 Bh5 10. O-O a6 11. d4 exd4 12. Bxd4 Nxd4 13. Qxd4 Bxf3 14. gxf3 c5 15.
Qd3 O-O 16. Rad1 Ne8 17. e5 Qg5+ 18. Kh2 Qxe5+ 19. Kh1 b5 20. Rfe1 Qxb2 21. Bb3
c4 22. Qd5 Rd8 23. Bxc4 bxc4 24. Qxc4 Qxa3 25. Rd3 Qb2 26. Rb3 Qf6 27. Qxa6 Nc7
28. Qa7 Nd5 29. Qb7 Nf4 30. Kh2 Qh4 31. Kg1 Nxh3+ 32. Kh2 Nxf2+ 33. Kg2 Nd3 34.
Re2 Nf4+ 35. Kf1 Nxe2 36. Kxe2 Rfe8+ 37. Kd3 Qe1 38. Qd5 Qd1+ 39. Kc4 Rc8+ 0-1

[Event "AUTO-INT-1401"]
[Site "http://www.queenalice.com/game.php?id=729713"]
[Date "2010.2.11"]
[Round "3"]
[White "showman"]
[Black "giobetti"]
[Result "0-1"]
[WhiteElo "1646"]
[BlackElo "1801"]

1. e4 e5 2. Nf3 Nc6 3. Bb5 Bc5 4. Bxc6 dxc6 5. Nxe5 Qd4 6. Nd3 Qxe4+ 7. Qe2
Qxe2+ 8. Kxe2 Bd6 9. b4 Bf5 10. Bb2 Bxd3+ 11. Kxd3 Nf6 12. f3 O-O-O 13. Bxf6
gxf6 14. c3 Bxb4+ 15. Kc4 Bd6 16. d4 b5+ 17. Kd3 c5 18. d5 b4 19. c4 Be5 20. Nc3
Bxc3 21. Rac1 c6 22. a3 cxd5 23. cxd5 Rxd5+ 24. Kc4 Rd4+ 25. Kxc5 Kb7 26. axb4
Rc8+ 27. Kb5 a6+ 28. Ka4 Rxb4+ 29. Ka5 Rd4+ 30. Rxc3 Rxc3 31. Rb1+ Kc7 32. Kxa6
Rdd3 33. Rb7+ Kc8 34. Rxf7 Rd7 35. Rxf6 Rb7 36. Rf8+ Kc7 37. Rf7+ Kc6 38. Rxb7
Ra3# 0-1

[Event "AUTO-ADV-1713"]
[Site "http://www.queenalice.com/game.php?id=755401"]
[Date "2010.4.2"]
[Round "1"]
[White "showman"]
[Black "davividal"]
[Result "0-1"]
[WhiteElo "1626"]
[BlackElo "1834"]

1. e4 c6 2. Nc3 d5 3. exd5 cxd5 4. Qh5 Nf6 5. Qe5 Nc6 6. Qg3 e6 7. a3 a6 8. Nf3
Bd6 9. Qxg7 Rg8 10. Qh6 Rg6 11. Qe3 Bd7 12. Nh4 Rg8 13. d4 Qb6 14. Nf3 O-O-O 15.
Bd3 Rxg2 16. Bf1 Rg7 17. Qh6 Rg6 18. Qe3 Rdg8 19. h4 Ng4 20. Qe2 Nxd4 21. Nxd4
Qxd4 22. f3 Bg3+ 23. Qf2 Qxf2+ 24. Kd1 Ne5 25. Ne2 Nxf3 26. Bd2 Nxd2 27. Kxd2
Bb5 28. Bh3 Qxe2+ 29. Kc3 Be5+ 30. Kb3 Qc4# 0-1

[Event "AUTO-ADV-1713"]
[Site "http://www.queenalice.com/game.php?id=755402"]
[Date "2010.4.2"]
[Round "1"]
[White "davividal"]
[Black "showman"]
[Result "1-0"]
[WhiteElo "1878"]
[BlackElo "1618"]

1. d4 d5 2. Nf3 Nc6 3. e3 Bg4 4. Nbd2 e6 5. c3 Nf6 6. Bd3 g6 7. h3 Bxf3 8. Nxf3
Qd6 9. a4 a5 10. O-O Bg7 11. Re1 O-O 12. b3 Qd7 13. Ba3 Rfb8 14. Bb5 Ne4 15. Qc2
f5 16. Reb1 b6 17. c4 dxc4 18. Qxc4 Qd5 19. Qxc6 Qxc6 20. Bxc6 Ra6 21. Bxe4 fxe4
22. Ng5 e5 23. Nxe4 exd4 24. exd4 Bxd4 25. Ra2 b5 26. Rd2 Rd8 27. Bb2 c5 28.
Nxc5 Rad6 29. Nb7 Bxb2 30. Rxd6 Rxd6 31. Nxd6 Be5 32. Nxb5 g5 33. Re1 Bf4 34.
Re2 h5 35. g3 Bc1 36. Rc2 Bf4 37. gxf4 gxf4 38. Rc7 h4 39. Kg2 Kf8 40. Kf3 Ke8
41. Kxf4 Kd8 42. Ke5 Ke8 43. Kd6 Kd8 44. Re7 Kc8 45. Na7+ Kd8 46. Nc6+ Kc8 47.
Rc7# 1-0

[Event "AUTO-ADV-1713"]
[Site "http://www.queenalice.com/game.php?id=755405"]
[Date "2010.4.2"]
[Round "1"]
[White "showman"]
[Black "jiujitsubr"]
[Result "0-1"]
[WhiteElo "1634"]
[BlackElo "1905"]

1. e4 c5 2. Bc4 d6 3. Qf3 Nf6 4. h3 g6 5. d3 Bg7 6. g4 O-O 7. g5 Nh5 8. Ne2 Nc6
9. Bf4 Nxf4 10. Nxf4 Bxb2 11. c3 Bxa1 12. Kd2 e5 13. Nd5 Qxg5+ 14. Kc2 Bxc3 15.
Nbxc3 Nd4+ 16. Kb2 Nxf3 17. Ne2 Qd2+ 18. Kb3 Qxe2 19. Ne7+ Kg7 20. d4 Nxd4+ 21.
Kc3 Qc2# 0-1

[Event "AUTO-ADV-1713"]
[Site "http://www.queenalice.com/game.php?id=755406"]
[Date "2010.4.2"]
[Round "1"]
[White "jiujitsubr"]
[Black "showman"]
[Result "1-0"]
[WhiteElo "1962"]
[BlackElo "1629"]

1. d4 d5 2. c4 dxc4 3. Nc3 e6 4. e3 Bb4 5. Bxc4 c6 6. Ne2 b5 7. Bd3 f5 8. O-O
Nf6 9. Qb3 a5 10. a3 Bxc3 11. bxc3 a4 12. Qa2 c5 13. Bxb5+ Bd7 14. Qxe6+ Kf8 15.
Qd6+ Qe7 16. Qxe7+ Kxe7 17. Bxd7 Nbxd7 18. Ng3 cxd4 19. cxd4 Nd5 20. Nxf5+ Kf6
21. e4 Nf4 22. Bxf4 Rae8 23. Nd6 Ref8 24. e5+ Kg6 25. Be3 Rb8 26. e6 Nf6 27. f4
Ne8 28. f5+ Kf6 29. Nxe8+ Rhxe8 30. Bf4 Rbd8 31. Be5+ Kg5 32. Bxg7 Rg8 33. f6
Kg6 34. Rf4 Rd5 35. Rg4+ Kf5 36. f7 Rdd8 37. e7 Kxg4 38. exd8=Q Rxd8 39. f8=Q
Rxf8 40. Bxf8 h5 41. Rf1 h4 42. d5 h3 43. d6 hxg2 44. Re1 Kf3 45. d7 Kf4 46.
d8=Q Kf3 47. Qf6+ Kg4 48. Re4+ Kh3 49. Rh4# 1-0

[Event "AUTO-ADV-1826"]
[Site "http://www.queenalice.com/game.php?id=800980"]
[Date "2010.7.9"]
[Round "1"]
[White "Champignac"]
[Black "showman"]
[Result "1-0"]
[WhiteElo "1942"]
[BlackElo "1605"]

1. e4 e5 2. f4 exf4 3. Nf3 Nf6 4. Bd3 d5 5. exd5 Nxd5 6. O-O Bg4 7. h3 Bh5 8.
Nc3 Nxc3 9. bxc3 Nc6 10. Qe1+ Be7 11. Be4 Qd7 12. d3 b5 13. Bxf4 O-O 14. Ng5
Bxg5 15. Bxg5 f6 16. Qh4 fxg5 17. Qxh5 Rxf1+ 18. Rxf1 h6 19. Qg6 Rf8 20. Qh7#
1-0

[Event "AUTO-ADV-1826"]
[Site "http://www.queenalice.com/game.php?id=800981"]
[Date "2010.7.9"]
[Round "1"]
[White "showman"]
[Black "Champignac"]
[Result "0-1"]
[WhiteElo "1604"]
[BlackElo "1985"]

1. e4 d5 2. e5 Bf5 3. d4 e6 4. f4 h6 5. Bd3 Ne7 6. g4 Be4 7. Bxe4 dxe4 8. c3 Nd5
9. Nh3 Qh4+ 10. Nf2 e3 11. Bxe3 Nxe3 12. Qe2 Ng2+ 13. Kf1 Nxf4 14. Qe4 Nd5 15.
c4 c6 16. cxd5 cxd5 17. Qf3 Bb4 18. a3 Ba5 19. b4 Bb6 20. Qe3 Nc6 21. Nc3 Bxd4
22. Qg3 Qg5 23. Nh3 Qd2 24. Rd1 Qxc3 25. Qxc3 Bxc3 26. Rd3 Bxe5 27. b5 Na5 28.
Ke2 O-O 29. Rc1 Nc4 30. a4 f6 31. Ng1 Bxh2 32. Nf3 Bf4 33. Rh1 a6 34. bxa6 Rxa6
35. Ra1 b5 36. Rd4 Be5 37. Nxe5 fxe5 38. axb5 Rxa1 39. Rd3 e4 40. Rb3 Rfa8 41.
b6 R8a2+ 42. Rb2 Rxb2# 0-1

[Event "AUTO-ADV-1826"]
[Site "http://www.queenalice.com/game.php?id=800994"]
[Date "2010.7.9"]
[Round "1"]
[White "Elficolorean"]
[Black "showman"]
[Result "1-0"]
[WhiteElo "1803"]
[BlackElo "1595"]

1. d4 d5 2. c4 dxc4 3. e4 Nc6 4. Nf3 Bg4 5. Be3 b5 6. Nc3 Bxf3 7. gxf3 b4 8. Nd5
e6 9. Nf4 c3 10. bxc3 bxc3 11. Bb5 Ne7 12. d5 exd5 13. exd5 a6 14. Bxc6+ Nxc6
15. dxc6 Qxd1+ 16. Rxd1 g5 17. Nd5 Bd6 18. Nxc3 Bb4 19. Bd4 Rf8 20. O-O Rd8 21.
Rfe1+ Be7 22. Bf6 Rxd1 23. Nxd1 Rg8 24. Rxe7+ Kf8 25. Rxc7 Ke8 26. Rc8# 1-0

[Event "AUTO-ADV-1826"]
[Site "http://www.queenalice.com/game.php?id=800995"]
[Date "2010.7.9"]
[Round "1"]
[White "showman"]
[Black "Elficolorean"]
[Result "0-1"]
[WhiteElo "1602"]
[BlackElo "1834"]

1. e4 c5 2. Bc4 e6 3. Qf3 d6 4. Nc3 Nc6 5. Nge2 Ne5 6. Qf4 Nxc4 7. d3 Ne5 8. O-O
Nf6 9. a4 Be7 10. d4 cxd4 11. Nxd4 Ng6 12. Qf3 O-O 13. Bg5 Ne5 14. Qg3 Nh5 15.
Qh4 Bxg5 16. Qxh5 Qf6 17. Ncb5 Qg6 18. Qxg6 hxg6 19. Nxd6 Rd8 20. Nxc8 Rxd4 21.
c3 Rd8 22. f4 Raxc8 23. fxe5 Rd2 24. b4 Rxc3 25. a5 Rb2 26. Rfb1 Rxb1+ 27. Rxb1
Rc1+ 28. Rxc1 Bxc1 29. b5 Bb2 30. Kf2 Bxe5 31. h4 Kf8 32. g4 Bc3 33. a6 bxa6 34.
bxa6 Ke7 35. Ke3 Kd6 36. Kd3 Be5 37. Kc4 Kc6 38. Kb4 Kb6 39. Ka4 Kxa6 40. g5 Bg3
0-1

[Event "AUTO-ADV-1826"]
[Site "http://www.queenalice.com/game.php?id=801002"]
[Date "2010.7.9"]
[Round "1"]
[White "zolaweed"]
[Black "showman"]
[Result "1-0"]
[WhiteElo "1845"]
[BlackElo "1612"]

1. e4 e5 2. Nc3 Nf6 3. Nf3 d6 4. Be2 Bg4 5. O-O Nc6 6. d4 exd4 7. Nxd4 Bxe2 8.
Ndxe2 Qe7 9. Ng3 h6 10. Re1 Nb4 11. a3 Nc6 12. Nd5 Nxd5 13. exd5 Ne5 14. f4 f6
15. fxe5 dxe5 16. c4 Qc5+ 17. Kh1 Qxc4 18. Qh5+ Kd7 19. Qf7+ Kc8 20. Qe8# 1-0

[Event "AUTO-ADV-1826"]
[Site "http://www.queenalice.com/game.php?id=801003"]
[Date "2010.7.9"]
[Round "1"]
[White "showman"]
[Black "zolaweed"]
[Result "0-1"]
[WhiteElo "1602"]
[BlackElo "1830"]

1. e4 c5 2. Bc4 e6 3. Qf3 Nc6 4. Nh3 Ne5 5. Qb3 Nxc4 6. Qxc4 Nf6 7. Nc3 a6 8. e5
d5 9. Qf4 Ng8 10. Ng5 Qc7 11. Nxf7 Qxf7 12. Qxf7+ Kxf7 13. O-O g6 14. f4 Ne7 15.
d3 Nf5 16. g3 b5 17. a3 c4 18. dxc4 dxc4 19. b4 cxb3 20. cxb3 Bc5+ 21. Kg2 Bb7+
22. Kh3 Rad8 23. b4 Bb6 24. a4 Rd3 25. Ne2 h5 26. Bb2 h4 27. Rad1 hxg3+ 28. Kg4
Ne3+ 29. Kxg3 Nxf1+ 30. Kg4 Nxh2+ 31. Kg5 Bd8# 0-1

[Event "AUTO-INT-1753"]
[Site "http://www.queenalice.com/game.php?id=801359"]
[Date "2010.7.10"]
[Round "1"]
[White "showman"]
[Black "botoyvas02"]
[Result "1-0"]
[WhiteElo "1587"]
[BlackElo "1412"]

1. e4 e5 2. Nf3 Nc6 3. Bb5 f6 4. Bxc6 dxc6 5. O-O Ne7 6. d3 Ng6 7. Nc3 Be7 8. b3
O-O 9. h3 Bd6 10. d4 exd4 11. Nxd4 1-0

[Event "AUTO-INT-1753"]
[Site "http://www.queenalice.com/game.php?id=801360"]
[Date "2010.7.10"]
[Round "1"]
[White "botoyvas02"]
[Black "showman"]
[Result "0-1"]
[WhiteElo "1403"]
[BlackElo "1596"]

1. e4 e5 2. Nf3 d6 3. d4 f6 4. d5 c5 5. dxc6 bxc6 6. Be2 Ba6 7. Bxa6 Nxa6 8. O-O
Nb4 9. Nc3 Ne7 10. Be3 c5 11. a3 Nbc6 0-1

[Event "AUTO-INT-1753"]
[Site "http://www.queenalice.com/game.php?id=897225"]
[Date "2011.2.7"]
[Round "2"]
[White "maxpredador"]
[Black "showman"]
[Result "1-0"]
[WhiteElo "1856"]
[BlackElo "1621"]

1. e4 e5 2. Qh5 Nf6 3. Qxe5+ Be7 4. d4 d6 5. Qb5+ c6 6. Qe2 d5 7. e5 Nfd7 8. Nf3
f6 9. exf6 gxf6 10. Nh4 Nb6 11. Qh5+ Kd7 12. Be2 Kc7 13. Bf4+ Bd6 14. Qf7+ N8d7
15. Bxd6+ Kxd6 16. Nf5+ Kc7 17. Qe6 Nc4 18. b3 Nf8 19. Qf7+ Kb8 20. Nh6 Nd6 21.
Qg7 Ng6 22. O-O Ne8 23. Qf7 Nd6 24. Qg7 Ne8 25. Qf7 Qd6 26. Bg4 Bxg4 27. Nxg4
Qf4 28. h3 Nd6 29. Qxf6 Qxf6 30. Nxf6 Nf5 31. c3 Nf4 32. Kh2 Kc7 33. g3 Ng6 34.
Nd2 h6 35. Nh5 Rhe8 36. Rae1 Rxe1 37. Rxe1 Rf8 38. Re6 Nh8 39. Rf6 Rxf6 40. Nxf6
b5 41. b4 Nf7 42. h4 Kd6 43. Kh3 Ke6 44. Nh5 N7d6 45. Nf4+ Kf6 46. g4 Ng7 47. f3
Ne6 48. Nxe6 Kxe6 49. Kg3 Kf6 50. h5 Nf7 51. f4 Ke6 52. Kh4 Kf6 53. Nf3 Nd6 54.
Nd2 Ne4 55. Nxe4+ 1-0

[Event "AUTO-INT-1753"]
[Site "http://www.queenalice.com/game.php?id=897226"]
[Date "2011.2.7"]
[Round "2"]
[White "showman"]
[Black "maxpredador"]
[Result "0-1"]
[WhiteElo "1618"]
[BlackElo "1836"]

1. e4 e5 2. Nf3 Nc6 3. Bb5 Nd4 4. Nxd4 exd4 5. d3 a6 6. Ba4 b5 7. Bb3 Bb7 8. Qf3
Qe7 9. h4 h6 10. O-O Nf6 11. Nd2 g5 12. h5 g4 13. Qg3 Rg8 14. Qxc7 Bc6 15. g3
Qd6 16. Qxd6 Bxd6 17. Re1 Be5 18. f4 gxf3 19. Nxf3 Rxg3+ 20. Kf2 Ng4+ 21. Ke2
Rg2+ 22. Kf1 Rf2+ 23. Kg1 Rxf3 24. Kg2 Rg3+ 25. Kh1 Nf2+ 26. Kh2 Rg4+ 27. Bf4
Bxf4# 0-1

[Event "AUTO-INT-1753"]
[Site "http://www.queenalice.com/game.php?id=897229"]
[Date "2011.2.7"]
[Round "2"]
[White "showman"]
[Black "Tal0n"]
[Result "1-0"]
[WhiteElo "1600"]
[BlackElo "1725"]

1. e4 e5 2. Nf3 Nc6 3. Bb5 a6 4. Bxc6 bxc6 5. Nxe5 Qf6 6. Nf3 Bc5 7. d4 Bb6 8.
e5 Qg6 9. O-O d6 10. Qe2 Be6 11. Nh4 Qg4 12. Qxg4 Bxg4 13. f3 Bxd4+ 14. Kh1 Bh5
15. g4 Bg6 16. Nxg6 hxg6 17. exd6 cxd6 18. Rd1 c5 19. c3 Be5 20. Na3 Rxh2+ 21.
Kg1 Re2 22. Nc4 O-O-O 23. Nb6+ Kb7 24. Nc4 Kc6 25. g5 d5 26. Nxe5+ Rxe5 27. f4
Re4 28. a4 a5 29. Bd2 c4 30. Re1 f6 31. gxf6 gxf6 32. b4 d4 33. Rxe4 dxc3 34.
Bxc3 f5 35. Re6+ Kd5 36. Rxg6 Ke4 37. bxa5 Kxf4 38. Rf1+ Ke4 39. Rc6 Kd5 40.
Rd1+ Kxc6 41. Rxd8 Ne7 42. Rh8 Nd5 43. Rh6+ Kb7 44. a6+ Ka8 45. Bd4 c3 46. Rc6
Nf4 47. Kf2 Nd3+ 48. Ke2 Nf4+ 49. Ke3 Nd5+ 50. Ke2 Nf4+ 51. Kd1 Nd3 52. Bxc3 f4
53. Ke2 f3+ 54. Kxd3 f2 55. Ke2 Ka7 56. Bd4+ Kb8 57. a7+ Kb7 58. Rh6 f1=Q+ 59.
Kxf1 Ka8 60. Rh8+ Kb7 61. a8=Q+ Kc7 62. Qb8+ Kd7 63. Qc8+ Kd6 64. Rd8+ Ke7 65.
Qc7+ Ke6 66. Qd6+ 1-0

[Event "AUTO-INT-1753"]
[Site "http://www.queenalice.com/game.php?id=897230"]
[Date "2011.2.7"]
[Round "2"]
[White "Tal0n"]
[Black "showman"]
[Result "1-0"]
[WhiteElo "1732"]
[BlackElo "1611"]

1. e4 e5 2. Nf3 d6 3. Bb5+ c6 4. Bc4 h6 5. O-O Qf6 6. d4 Be6 7. d5 cxd5 8. Bxd5
Bxd5 9. Qxd5 Nc6 10. b3 Nge7 11. Qd3 Nb4 12. Qb5+ Nbc6 13. Qxb7 Rb8 14. Qa6 g5
15. Bb2 Rb6 16. Qa4 Rb4 17. Qa6 Rxe4 18. Nc3 Rb4 19. Nd5 Nxd5 20. Qxc6+ Kd8 21.
Qxd5 Be7 22. Nxe5 Ke8 23. Nc6 Qe6 24. Qxe6 fxe6 25. Bxh8 Rb7 26. Nxe7 Rxe7 27.
c4 e5 28. g3 Kf7 29. f4 gxf4 30. gxf4 Kg8 31. fxe5 Kxh8 32. exd6 Rd7 33. c5 Kg8
34. c6 Rxd6 35. c7 Rc6 36. Rfc1 Rxc1+ 37. Rxc1 1-0